Кодекс законов о труде Российской Федерации с постатейными материалами: С изменениями и дополнениями от 25 сентября 1992 г.

Bibliographische Detailangaben
Sprache:Russisch
Veröffentlicht: Москва, Вердикт, 1992
Schlagworte:
Format: Buch
KOHA link:https://koha.lib.tpu.ru/cgi-bin/koha/opac-detail.pl?biblionumber=25882

MARC

LEADER 00000nam0a2200000 4500
001 25882
005 20231030201221.0
035 |a (RuTPU)RU\TPU\book\26120 
035 |a BOOK00000036 
090 |a 25882 
100 |a 20011209d1992 m a0rusy50 ca 
101 0 |a rus 
102 |a RU 
105 |a y l 000zy 
200 1 |a Кодекс законов о труде Российской Федерации с постатейными материалами  |e С изменениями и дополнениями от 25 сентября 1992 г. 
210 |a Москва  |c Вердикт  |d 1992 
215 |a 96 с. 
610 1 |a право 
610 1 |a трудовое право 
610 1 |a труд 
610 1 |a кодексы 
610 1 |a Российская Федерация 
686 |a Х627-32  |v LBC/SL-A  |2 rubbk 
801 0 |a RU  |b 63413507  |c 20011209  |g PSBO 
801 2 |a RU  |b 63413507  |c 20091124  |g PSBO 
942 |c BK